ბათუმის შოთა რუსთაველის სახელმწიფო უნივერსიტეტის ბიბლიოთეკა

ფინანსური კონტროლის საფუძვლები : მეთოდოლ. სახელმძღვანელო : (ბიბ.ჩანაწერი № 63629)

000 -ლიდერი
ფიქსირებული სიგრძის საკონტროლო ველი 01857nam a22002297a 4500
003 - საკონტროლო ნომრის იდენტიფიკატორი
საკონტროლო ველი Ge_BSU
005 - ბოლო ოპერაციის თარიღი და დრო
საკონტროლო ველი 20251117205451.0
008 - ფიქსირებული სიგრძის მონაცემთა ელემენტები - ზოგადი ინფორმაცია
ფიქსირებული სიგრძის საკონტროლო ველი 251117s2006 ge ||||| |||| 00| 0 geo d
041 ## - ენის კოდი
Language code of text/sound track or separate title geo
080 ## - უნივერსალური ათობითი კლასიფიკაციის ინდექსი
Universal Decimal Classification number 347.73 :351.72 : 657.6 : 336.131 ს-36
100 ## - მთავარი ჩანაწერი - პიროვნების სახელი
Personal name სახოკია, გიორგი.
9 (RLIN) 26255
245 ## - ცნობა სათაურის შესახებ
Title ფინანსური კონტროლის საფუძვლები : მეთოდოლ. სახელმძღვანელო :
Remainder of title გაეროს განვითარების პროგრ. და საქ. კონტროლის პალატის პროექტი "სახელმწიფო კონტროლის სისტემის ქმედუნარიანობის გაძლიერება" /
Statement of responsibility, etc გიორგი სახოკია, ილია ზაქარიაძე, ვახტანგ მუჯირიშვილი ; [რედ. ელენე ხარაბაძე] ; საქ. კონტროლის პალატა, სასწ. ცენტრი.
264 ## - წარმოების, გამოცემის, დისტრიბუციის და სხვა ცნობები
გამოცემის, წარმოების, დისტრიბუციის... ადგილი თბილისი,
გამოცემის, წარმოების, დისტრიბუციის... თარიღი 2006.
300 ## - ფიზიკური აღწერა
Extent 293 გვ. ;
Other physical details 20 სმ.
490 ## - სერიის ცნობა
Series statement საჯარო მოსამსახურის ბიბლიოთეკის სერია დამხმარე სახელმძღვანელო მოხელეთათვის
500 ## - ზოგადი შენიშვნა
General note გარეკანზე ავტ. მითით. არ არიან.
653 ## - INDEX TERM--UNCONTROLLED
Uncontrolled term ფინანსური სამართალი.
653 ## - INDEX TERM--UNCONTROLLED
Uncontrolled term ფინანსური კონტროლი
700 ## - ADDED ENTRY--PERSONAL NAME
Personal name ზაქარიაძე, ილია
Relator term ავტორი
9 (RLIN) 26256
700 ## - ADDED ENTRY--PERSONAL NAME
Personal name მუჯირიშვილი, ვახტანგ
Relator term ავტორი
9 (RLIN) 26257
942 ## - ADDED ENTRY ELEMENTS (KOHA)
Source of classification or shelving scheme
Koha item type წიგნი
ეგზემპლარები
ჩამოწერის სტატუსი დაკარგული ეგზემპლარის სტატუსი კლასიფიკაციის წყარო ან თაროზე გაწყობის სქემა დაზიანების სტატუსი არ გაიცემა მუდმივი მდებარეობა (დაცვის ადგილი) ამჟამინდელი ადგილსამყოფელი თაროზე განთავსების ადგილი შეძენის თარიღი ღირებულება, შესყიდვის ნორმალური ფასი სრული შენახვის შიფრი შტრიხკოდი ბოლო ოპერაციის თარიღი ეგზემპლარის მიმდევრობითი ნომერი (კეტერი?) ფასის ძალაში შესვლის თარიღი ეგზემპლარის სახეობა საჯარო შენიშვნა
          ბათუმის შოთა რუსთაველის სახელმწიფო უნივერსიტეტის მთავარი ბიბლიოთეკა ბათუმის შოთა რუსთაველის სახელმწიფო უნივერსიტეტის მთავარი ბიბლიოთეკა წიგნსაცავი 2025-11-17 12.00 347.73 :351.72 : 657.6 : 336.131 ს-36 73109 2025-11-17 73109 2025-11-17 წიგნი 12 ლ.